000 00317nam a2200133Ia 4500
008 240624s9999 xx 000 0 und d
041 _aeng
082 _a823 BEC
100 _aBECKETT SIMON
245 _aWRITTEN IN BONE
260 _c2008
_aLondon
_bBantam Books
300 _a491 : p. : cm. ; 17
365 _cBPS
_b20
999 _c13941
_d13941